000 00547nam a22001817a 4500
005 20160106101657.0
010 _a ENG-114345
020 _a9789350097861
_c395.00
035 _aEN-97877
037 _bDBAD/PUB
082 _aN
100 _aLiddle, Madhulika
245 _aCrimson city :
_cby Madhulika Liddle
_ba Muzaffar Jang mystery /
260 _aGurgaon
_bHachette Book Publishing
_c2015
270 _a4th & 5th Floors, Corporate Centre, Plot No.94, Sector 44
_bGurgaon
_e122003
300 _a326p.
_c21cm(pbk)
942 _2ddc
_cEN
_mLID
_hN
999 _c97858
_d97858